00365nam a2200109 i 4500001000300000245007600003260002100079040000800100041000800108008004100116856009800157bg 0aKonstrukcja elektrycznych i elektronicznych przyrządów pomiarowych. aWrocław,c1977. cBPK apol s pl f |000 0 pol  uhttp://koha.tu.koszalin.pl/cgi-bin/koha/opac-detail.pl?biblionumber=27751yKatalog online BPK